000 00533nam a2200169Ia 4500
999 _c65365
_d65365
003 GCL
005 20240530110821.0
008 140319s1987 ua a f 000 0 ara d
040 _aGCL /
_cGCL
082 0 4 _a721 /
_bك م
245 1 0 _aكلية الهندسة المعمارية :
_bمبنى الكليات العملية /
250 _aط.1
260 _aالقاهرة :
_bجامعة بيروت العربية ،
300 _a160 ص. :
_bايض. ؛
_c24 سم.
650 0 4 _aالهندسة المعمارية
942 _2ddc
_cBK